000 00780nam a2200229 i 4500
001 72613
003 ES-MaACL
005 20250902022111.0
007 t|
008 190906s1964 sp ||||1| spa d
100 0 _aNepveu-Nivelle, F.
_985386
245 1 3 _aLanzamiento de productos /
_cF. Nepveu-Nivelle ; [traducción, prólogo y notas marginales, Francisco Izquierdo Navarro].
250 _a1ª ed.
260 _aBarcelona :
_bE.D.O.S.A.,
_c1964.
300 _a212 p. ;
_c22 cm.
490 1 _aColección "Selecciones de Marketing" ;
_v3
650 4 _aNuevos productos.
_915644
700 0 _aIzquierdo Navarro, Francisco.
_965739
830 0 0 _aColección "Selecciones de marketing" (E.D.O.S.A.)
_v3
_9182966
852 _aES-MaACL
_jP-774-Ter-3
999 _c72613
_d72613